000 00358 a2200169 4500
001 186662
020 _a85-16-01416-9
040 _cMagnum
100 _aKupstas, Marcia
240 1 0 _aBrincadeira na feira
_lpor
245 1 0 _aBrincadeira na feira
300 _a24
362 0 _a1996
440 1 _aModerna
697 _aLITERATURA INFANTO
942 _cBK
999 _c186662
_d186662